| 000 | 00852cam a2200277 i 4500 | ||
|---|---|---|---|
| 008 | |||
| 020 | _a0900191031 | ||
| 049 | _aMAIN | ||
| 090 |
_aTA432 _bHAN |
||
| 100 | 1 |
_aHandisyde, C.C. _q(Cecil C.) |
|
| 245 | 1 | 0 |
_aBricks and brickwork / _c[by] C.C. Handisyde, B.A. Haseltine. |
| 260 |
_aLondon : _bBrick Development Association, _c[1976] |
||
| 300 |
_a[1], 142 p. : _bill. (chiefly col.), form, plans (some col.) ; _c31 cm. |
||
| 500 | _aCol. ill. on lining papers. | ||
| 504 | _aInckludes bibliographical references. | ||
| 500 | _aIncludes index. | ||
| 650 | 0 | _aBricklaying. | |
| 650 | 0 | _aBricks. | |
| 650 | 0 | _aBuilding, Brick. | |
| 700 | 1 | _aHaseltine, B.A. | |
| 907 |
_a.b10225821 _b11-09-12 _c22-01-07 |
||
| 003 | |||
| 005 | 20230123134337.0 | ||
| 040 | _cNUST | ||
| 942 |
_cBOOKS _kTA432 _mHAN |
||
| 999 |
_c164255 _d164255 |
||